[Event "London Classic op U1750 11th"]
[Site "London"]
[Date "2019.12.02"]
[Round "1"]
[White "Bishop, Geoffrey L"]
[Black "Singha, Swati"]
[Result "0-1"]
[WhiteElo "1691"]
[BlackElo "1419"]
[PlyCount "80"]
[EventDate "2019.12.02"]
[EventType "swiss"]
[EventRounds "5"]
[EventCountry "ENG"]
[SourceTitle "CBM 195 Extra"]
[Source "ChessBase"]
[SourceDate "2020.05.31"]
[SourceVersion "1"]
[SourceVersionDate "2020.05.31"]
[SourceQuality "1"]

1. e4 e5 2. Nf3 Nc6 3. d4 exd4 4. Bc4 h6 5. 0-0 Bc5 6. Re1 d6 7. Nbd2 Nge7 8. e5 d5 9. Bb5 a6 10. Bxc6+ Nxc6 11. Nb3 Ba7 12. Nbxd4 Nxd4 13. Nxd4 Qh4 14. Be3 Bg4 15. Qd3 0-0 16. h3 Be6 17. Nf3 Qh5 18. Bxa7 Rxa7 19. Qc3 b5 20. Nd4 Raa8 21. Qxc7 Rac8 22. Qd6 Rce8 23. Qxa6 Bxh3 24. gxh3 Qxh3 25. Ne2 Rxe5 26. Qa3 Rg5+ 27. Ng3 f5 28. Re3 Rf6 29. Re8+ Kh7 30. Qd3 Rfg6 31. Re3 f4 32. Rf3 fxg3 33. fxg3 Rh5 34. Kf2 Qh2+ 35. Ke3 d4+ 36. Kxd4 Qh3 37. Kc3 Rc5+ 38. Kb4 Qc8 39. Rc1 Rc4+ 40. Kxb5 Qc5# 0-1

[Event "London Classic op U1825 11th"]
[Site "London"]
[Date "2019.12.01"]
[Round "4"]
[White "Bishop, Geoffrey L"]
[Black "Li, Ethan Bingxuan"]
[Result "0-1"]
[WhiteElo "1691"]
[BlackElo "1429"]
[PlyCount "134"]
[EventDate "2019.11.29"]
[EventType "swiss"]
[EventRounds "5"]
[EventCountry "ENG"]
[SourceTitle "CBM 195 Extra"]
[Source "ChessBase"]
[SourceDate "2020.05.31"]
[SourceVersion "1"]
[SourceVersionDate "2020.05.31"]
[SourceQuality "1"]

1. e4 c5 2. Nc3 e6 3. Nf3 Nc6 4. d4 cxd4 5. Nxd4 Qc7 6. Be3 Nf6 7. Be2 a6 8. 0-0 Bb4 9. Bf3 0-0 10. g3 Bxc3 11. bxc3 Ne5 12. Bg2 d6 13. Rb1 b5 14. f4 Nc4 15. Bf2 Bb7 16. Qe2 Nb6 17. Qd3 Na4 18. Ne2 Nc5 19. Qd4 Bxe4 20. Bxe4 Ncxe4 21. Be3 d5 22. Rb3 Rac8 23. Qb6 Qxb6 24. Bxb6 Nd2 25. Rd1 Nxb3 26. cxb3 Ne4 27. Rc1 Rc6 28. Bd4 Rfc8 29. b4 h5 30. Kg2 g6 31. Kf3 Kf8 32. Ke3 Ra8 33. Kd3 Ke8 34. Be5 Kd7 35. Nd4 Rc4 36. Nf3 Ke7 37. Bd4 Kd7 38. Ne5+ Ke7 39. Nxc4 bxc4+ 40. Ke3 Nd6 41. Bc5 Kd7 42. Bxd6 Kxd6 43. Kd4 f6 44. a4 e5+ 45. fxe5+ fxe5+ 46. Ke3 Rf8 47. Rb1 g5 48. b5 axb5 49. Rxb5 Kc6 50. Rb1 g4 51. a5 Ra8 52. Ra1 Kc5 53. Ke2 d4 54. cxd4+ exd4 55. Kd2 Ra6 56. Ra2 Kb5 57. Rb2+ Kxa5 58. Rb7 Rb6 59. Ra7+ Kb5 60. Rh7 Kb4 61. Rxh5 Ra6 62. h4 Ra2+ 63. Kc1 Kc3 64. Kb1 Rb2+ 65. Ka1 d3 66. Rd5 Kc2 67. Rd4 Rb4 0-1

[Event "London Classic op U1825 11th"]
[Site "London"]
[Date "2019.11.30"]
[Round "2"]
[White "Bishop, Geoffrey L"]
[Black "Barua, Dipli"]
[Result "0-1"]
[WhiteElo "1691"]
[BlackElo "1575"]
[PlyCount "100"]
[EventDate "2019.11.29"]
[EventType "swiss"]
[EventRounds "5"]
[EventCountry "ENG"]
[SourceTitle "CBM 195 Extra"]
[Source "ChessBase"]
[SourceDate "2020.05.31"]
[SourceVersion "1"]
[SourceVersionDate "2020.05.31"]
[SourceQuality "1"]

1. d4 Nf6 2. Nf3 g6 3. Nc3 Bg7 4. e4 d6 5. Bc4 0-0 6. h3 a6 7. a4 Nc6 8. Be3 Na5 9. Ba2 Bd7 10. 0-0 b5 11. e5 dxe5 12. dxe5 Ne8 13. Qe2 bxa4 14. Rfd1 Qc8 15. Nd5 Nc6 16. Bc5 Qd8 17. Nf4 Kh8 18. e6 Nd6 19. exd7 Qxd7 20. Ng5 Qf5 21. Qg4 Qxc5 22. Qh4 h6 23. Rxd6 exd6 24. Ne4 Qxc2 25. Re1 Qxb2 26. Bd5 Qb5 27. Rc1 Nb4 28. Bxa8 Rxa8 29. Nc3 Qd7 30. Nxg6+ fxg6 31. Qxb4 c5 32. Qxa4 Qxa4 33. Nxa4 Rb8 34. Kf1 Rb4 35. Nc3 Rc4 36. Ne2 Rxc1+ 37. Nxc1 a5 38. Ke2 Kg8 39. Kd3 Kf7 40. Kc4 a4 41. Kd5 Ke7 42. f4 a3 43. g4 Bd4 44. f5 gxf5 45. gxf5 Be5 46. Na2 Kf6 47. Ke4 Kg5 48. Nc1 Kh4 49. Kf3 Kxh3 50. Na2 Kh4 0-1

[Event "London Classic op U1825 11th"]
[Site "London"]
[Date "2019.11.30"]
[Round "3"]
[White "Karas, Eugenia"]
[Black "Bishop, Geoffrey L"]
[Result "0-1"]
[WhiteElo "1503"]
[BlackElo "1691"]
[PlyCount "84"]
[EventDate "2019.11.29"]
[EventType "swiss"]
[EventRounds "5"]
[EventCountry "ENG"]
[SourceTitle "CBM 195 Extra"]
[Source "ChessBase"]
[SourceDate "2020.05.31"]
[SourceVersion "1"]
[SourceVersionDate "2020.05.31"]
[SourceQuality "1"]

1. d4 Nf6 2. Nf3 g6 3. Nc3 d5 4. Bf4 Bg7 5. Nb5 Na6 6. e3 0-0 7. Be2 c6 8. Nc3 Nc7 9. h4 Bg4 10. Ne5 Bxe2 11. Qxe2 Ne6 12. Bh2 Nd7 13. Nd3 Nf6 14. f3 Rc8 15. g4 c5 16. dxc5 d4 17. exd4 Nxd4 18. Qf2 Nd5 19. Nxd5 Qxd5 20. 0-0 Rfd8 21. Nf4 Qxc5 22. c3 Nxf3+ 23. Kh1 Nxh2 24. Kxh2 Be5 25. Qxc5 Rxc5 26. Kh3 Rd2 27. Rab1 Rc4 28. Ng2 Rd3+ 29. Ne3 Rxe3+ 30. Kg2 Rxg4+ 31. Kf2 Rh3 32. Ke2 Rg2+ 33. Kd1 Rd3+ 34. Kc1 Rdd2 35. Rh1 Bf4 36. Ra1 Rxb2+ 37. Kd1 Rbd2+ 38. Ke1 Bg3+ 39. Kf1 Rdf2+ 40. Ke1 Rxa2+ 41. Kf1 Rgf2+ 42. Kg1 Rxa1# 0-1

[Event "Basingstoke Spring Bank op U1825 2nd"]
[Site "Basingstoke"]
[Date "2019.05.24"]
[Round "1.3"]
[White "Bishop, Geoffrey L"]
[Black "Brockes, Jeremy P"]
[Result "1-0"]
[WhiteElo "1715"]
[BlackElo "1500"]
[PlyCount "73"]
[EventDate "2019.05.24"]
[EventType "swiss"]
[EventRounds "7"]
[EventCountry "ENG"]
[SourceTitle "EXT 2023"]
[Source "ChessBase"]
[SourceDate "2022.10.05"]
[SourceVersion "1"]
[SourceVersionDate "2022.10.05"]
[SourceQuality "1"]

1. e4 c6 2. d4 d5 3. Nc3 dxe4 4. Nxe4 Nf6 5. Nxf6+ gxf6 6. Nf3 Bg4 7. c3 Qc7 8. Be2 Nd7 9. a4 e6 10. a5 a6 11. 0-0 Rg8 12. Nh4 Bxe2 13. Qxe2 Bd6 14. g3 0-0-0 15. Be3 f5 16. f4 Rde8 17. c4 Qd8 18. Nf3 Kb8 19. Ne5 Re7 20. c5 Bc7 21. b4 Nf6 22. b5 cxb5 23. c6 Bxe5 24. dxe5 Ne4 25. Bb6 Qd5 26. c7+ Rxc7 27. Bxc7+ Kxc7 28. Rac1+ Kb8 29. Rf3 Qd4+ 30. Kg2 Rd8 31. Rff1 Nc3 32. Qf2 Qd5+ 33. Kg1 b4 34. Ra1 Qb5 35. Qb6 Ne2+ 36. Kf2 Qd5 37. Rfd1 1-0

[Event "Stevenage 4NCL Easter op U1825"]
[Site "Stevenage"]
[Date "2019.04.21"]
[Round "4.2"]
[White "Usharovsky, Ron"]
[Black "Bishop, Geoffrey L"]
[Result "1-0"]
[WhiteElo "1609"]
[BlackElo "1740"]
[PlyCount "79"]
[EventDate "2019.04.19"]
[EventType "swiss"]
[EventRounds "7"]
[EventCountry "ENG"]
[SourceTitle "EXT 2023"]
[Source "ChessBase"]
[SourceDate "2022.10.05"]
[SourceVersion "1"]
[SourceVersionDate "2022.10.05"]
[SourceQuality "1"]

1. e4 c5 2. c3 Nf6 3. e5 Nd5 4. d4 cxd4 5. cxd4 d6 6. exd6 Qxd6 7. Nf3 Nc6 8. Nc3 Bf5 9. Bd3 Bg4 10. Bc4 e6 11. Bxd5 exd5 12. Be3 Be7 13. 0-0 0-0 14. a3 Bf6 15. h3 Bxf3 16. Qxf3 Rfd8 17. Rfd1 Na5 18. Qe2 Nc4 19. Rac1 Rac8 20. Ne4 dxe4 21. Rxc4 Qd5 22. Rdc1 Qb5 23. b4 Rc6 24. Qc2 Rdc8 25. Rxc6 Rxc6 26. Qxe4 Rxc1+ 27. Bxc1 g6 28. Bf4 Qa4 29. Qxb7 Qd1+ 30. Kh2 Qxd4 31. Be3 Be5+ 32. g3 Qa1 33. Qxa7 h5 34. h4 Kg7 35. b5 Bc3 36. b6 Be5 37. b7 Qb2 38. Qb6 Qxb6 39. Bxb6 Kf6 40. Bd4 1-0

[Event "London Classic op U1825 8th"]
[Site "London"]
[Date "2016.12.09"]
[Round "1"]
[White "Bishop, Geoffrey L"]
[Black "Ridge, Benjamin"]
[Result "1-0"]
[WhiteElo "1691"]
[BlackElo "1430"]
[PlyCount "117"]
[EventDate "2016.12.09"]
[EventType "swiss"]
[EventRounds "5"]
[EventCountry "ENG"]
[SourceTitle "EXT 2019"]
[Source "ChessBase"]
[SourceDate "2018.10.10"]
[SourceVersion "1"]
[SourceVersionDate "2018.10.10"]
[SourceQuality "1"]

1. e4 e6 2. d4 d5 3. Nd2 c5 4. Ngf3 Nc6 5. exd5 Qxd5 6. Bc4 Qd7 7. Nb3 Nf6 8. Bb5 a6 9. Bxc6 Qxc6 10. 0-0 Bd6 11. Be3 Nd5 12. Bg5 h6 13. Bh4 0-0 14. dxc5 Bxc5 15. Ne5 Qc7 16. Nxc5 Qxc5 17. Bg3 b5 18. c3 Rd8 19. Qf3 Qe7 20. Nc6 Qd7 21. Nxd8 Qxd8 22. Rad1 Qe7 23. Rfe1 Bb7 24. Rxd5 Bxd5 25. Qxd5 Rd8 26. Qe4 Qd7 27. Be5 Qd2 28. Bd4 b4 29. Qe5 Qg5 30. Qxg5 hxg5 31. f3 Kh7 32. Re4 Kg6 33. h4 bxc3 34. bxc3 Rd5 35. Rg4 f6 36. f4 e5 37. fxe5 fxe5 38. Rxg5+ Kf6 39. Bxe5+ Rxe5 40. Rxe5 Kxe5 41. Kf2 Kd5 42. Ke3 a5 43. Kd3 a4 44. g4 a3 45. h5 Ke5 46. Ke3 Kd5 47. g5 Kc4 48. Kd2 Kd5 49. h6 gxh6 50. gxh6 Ke6 51. h7 Kf7 52. h8Q Ke7 53. Qh6 Kf7 54. c4 Ke7 55. c5 Kd7 56. Qd6+ Kc8 57. Qe7 Kb8 58. c6 Ka8 59. Qb7# 1-0

[Event "Milton Keynes 4NCL Major op 11th"]
[Site "Milton Keynes"]
[Date "2016.11.06"]
[Round "4.16"]
[White "Munshi, Aditya"]
[Black "Bishop, Geoffrey L"]
[Result "1-0"]
[WhiteElo "1710"]
[BlackElo "1729"]
[PlyCount "63"]
[EventDate "2016.11.04"]
[EventType "swiss"]
[EventRounds "5"]
[EventCountry "ENG"]
[SourceTitle "EXT 2023"]
[Source "ChessBase"]
[SourceDate "2022.10.05"]
[SourceVersion "1"]
[SourceVersionDate "2022.10.05"]
[SourceQuality "1"]

1. e4 c5 2. Nf3 e6 3. d4 cxd4 4. Nxd4 a6 5. Nc3 Qc7 6. g3 Nc6 7. Bg2 Bc5 8. Nb3 Ba7 9. Bf4 e5 10. Nd5 Qd8 11. Be3 Bxe3 12. Nxe3 d6 13. Nc4 Ke7 14. 0-0 Be6 15. Ne3 Nf6 16. Nd5+ Bxd5 17. exd5 Na5 18. Qd3 Rc8 19. Bh3 Rb8 20. Nd2 b5 21. b4 Nb7 22. a4 Qb6 23. a5 Qc7 24. Rac1 Rhe8 25. c4 bxc4 26. Rxc4 Qd8 27. Rfc1 Kf8 28. f3 Kg8 29. Rc7 Re7 30. Rc8 g6 31. Rxd8+ Nxd8 32. Qxa6 1-0

[Event "Wakefield 4NCL op-B 10th"]
[Site "Wakefield"]
[Date "2016.09.09"]
[Round "1.7"]
[White "Cawston, M John"]
[Black "Bishop, Geoffrey L"]
[Result "0-1"]
[WhiteElo "1813"]
[BlackElo "1699"]
[PlyCount "46"]
[EventDate "2016.09.09"]
[EventType "swiss"]
[EventRounds "5"]
[EventCountry "ENG"]
[SourceTitle "EXT 2023"]
[Source "ChessBase"]
[SourceDate "2022.10.05"]
[SourceVersion "1"]
[SourceVersionDate "2022.10.05"]
[SourceQuality "1"]

1. Nf3 Nf6 2. c4 e6 3. g3 d5 4. Bg2 Be7 5. 0-0 0-0 6. d4 c5 7. cxd5 exd5 8. dxc5 Bxc5 9. Nbd2 Nc6 10. Nb3 Bb6 11. Nbd4 Re8 12. b3 Bd7 13. Bb2 Rc8 14. Rc1 Qe7 15. Re1 Nxd4 16. Nxd4 Rxc1 17. Qxc1 Rc8 18. Qg5 Qb4 19. Rd1 h6 20. Qd2 Qxd2 21. Rxd2 Bxd4 22. Bxd4 Rc1+ 23. Bf1 Bh3 0-1

[Event "Crawley e2e4 Gatwick op U1850"]
[Site "Crawley"]
[Date "2016.05.28"]
[Round "2"]
[White "Bishop, Geoffrey L"]
[Black "Chadwick, Susan E"]
[Result "1-0"]
[WhiteElo "1692"]
[BlackElo "1436"]
[PlyCount "29"]
[EventDate "2016.05.27"]
[EventType "swiss"]
[EventRounds "7"]
[EventCountry "ENG"]
[SourceTitle "EXT 2019"]
[Source "ChessBase"]
[SourceDate "2018.10.10"]
[SourceVersion "1"]
[SourceVersionDate "2018.10.10"]
[SourceQuality "1"]

1. e4 c5 2. Nf3 d6 3. d4 cxd4 4. Nxd4 Nf6 5. Nc3 g6 6. f4 Bg7 7. Bb5+ Bd7 8. e5 Bxb5 9. exf6 Bxf6 10. Ndxb5 a6 11. Nd4 0-0 12. Be3 b5 13. 0-0 Nd7 14. Nd5 Bg7 15. Nc6 1-0

[Event "Crawley e2e4 Gatwick op U1850"]
[Site "Crawley"]
[Date "2016.05.28"]
[Round "3"]
[White "Gibbs, Daniel C"]
[Black "Bishop, Geoffrey L"]
[Result "1-0"]
[WhiteElo "1798"]
[BlackElo "1692"]
[PlyCount "127"]
[EventDate "2016.05.27"]
[EventType "swiss"]
[EventRounds "7"]
[EventCountry "ENG"]
[SourceTitle "EXT 2019"]
[Source "ChessBase"]
[SourceDate "2018.10.10"]
[SourceVersion "1"]
[SourceVersionDate "2018.10.10"]
[SourceQuality "1"]

1. d4 Nf6 2. c4 e6 3. Nc3 Bb4 4. e3 0-0 5. Nge2 Ne4 6. Qc2 d5 7. a3 Bxc3+ 8. Nxc3 Nxc3 9. Qxc3 Nd7 10. b4 dxc4 11. Bxc4 b6 12. e4 Bb7 13. e5 Rc8 14. Qg3 Kh8 15. Bd3 f5 16. Bg5 Qe8 17. h4 Be4 18. Ba6 Ra8 19. Rc1 c5 20. bxc5 bxc5 21. dxc5 Qb8 22. Bf4 Qc7 23. Qc3 Qc6 24. Be2 Rfc8 25. f3 Bd5 26. Be3 Rab8 27. Bd1 Nb6 28. Bd4 Na4 29. Qe3 Nb2 30. Bxb2 Rxb2 31. 0-0 Rcb8 32. Rf2 Rxf2 33. Qxf2 Qc7 34. Qd4 h6 35. Bc2 Qa5 36. Bxf5 Rd8 37. Bc2 Bxf3 38. Qb4 Qxb4 39. axb4 Bc6 40. Rd1 Rb8 41. Rd4 Bd5 42. Be4 Bxe4 43. Rxe4 Kg8 44. Kf2 Kf7 45. Ke3 Ke7 46. Kd3 Kd7 47. Kc4 Rf8 48. b5 Rf2 49. Rg4 g5 50. hxg5 hxg5 51. Rxg5 Rc2+ 52. Kd4 Rd2+ 53. Kc3 Rd5 54. Kc4 Kc7 55. Rg7+ Kb8 56. Rg5 Kc7 57. g4 Kb7 58. Rg7+ Kb8 59. Rg5 Kc7 60. Rh5 Kb7 61. Rh7+ Kb8 62. g5 Rxe5 63. g6 Re4+ 64. Kd3 1-0

[Event "London Golders Green op U1900 4th"]
[Site "London"]
[Date "2014.08.24"]
[Round "4"]
[White "Bishop, Geoffrey L"]
[Black "Winter, Malcolm J"]
[Result "1-0"]
[WhiteElo "1810"]
[BlackElo "1557"]
[PlyCount "141"]
[EventDate "2014.08.23"]
[EventType "swiss"]
[EventRounds "6"]
[EventCountry "ENG"]
[SourceTitle "EXT 2018"]
[Source "ChessBase"]
[SourceDate "2017.10.13"]
[SourceVersion "1"]
[SourceVersionDate "2017.10.13"]
[SourceQuality "1"]

1. e4 c6 2. d4 d5 3. Nc3 dxe4 4. Nxe4 Nf6 5. Nxf6+ exf6 6. Nf3 Bd6 7. Bd3 0-0 8. 0-0 Qc7 9. h3 Nd7 10. c3 Rd8 11. Qe2 Nf8 12. Re1 Ng6 13. Qc2 Bd7 14. Bd2 a5 15. Re2 Re8 16. Rae1 Rxe2 17. Rxe2 Re8 18. Rxe8+ Bxe8 19. h4 Bd7 20. h5 Nf8 21. Bf5 b6 22. Nh4 Bxf5 23. Nxf5 Qd7 24. Qe4 Ne6 25. Qg4 Kf8 26. Nxg7 Ke7 27. Nf5+ Kd8 28. Qg8+ Kc7 29. Qxh7 Nf8 30. Qg7 Qxf5 31. g4 Qb1+ 32. Kg2 Qe4+ 33. Kf1 Qd3+ 34. Ke1 Qe4+ 35. Kd1 Qb1+ 36. Ke2 Qe4+ 37. Be3 Qc2+ 38. Kf3 Qd1+ 39. Kg2 Qd3 40. Qxf7+ Nd7 41. h6 Qe4+ 42. Kf1 Qxg4 43. Qg7 Qh3+ 44. Ke2 Bf8 45. Bf4+ Kc8 46. Qg6 Qe6+ 47. Kd3 Bxh6 48. Qxh6 Kb7 49. Bg3 Qxa2 50. Qf4 Qb1+ 51. Ke3 Qc1+ 52. Ke4 Qc2+ 53. Kf3 Ka6 54. Qc7 Qf5+ 55. Kg2 Qd5+ 56. Kh2 Qh5+ 57. Kg2 Qd5+ 58. Kg1 Kb5 59. b3 Ka6 60. Qc8+ Ka7 61. Qc7+ Ka6 62. c4 Qe6 63. Qc8+ Ka7 64. Bb8+ Ka8 65. Bd6+ Ka7 66. Qxc6 Qg4+ 67. Bg3 Qxd4 68. Qc7+ Ka6 69. Qc6 Qa1+ 70. Kg2 Qd4 71. Qa8# 1-0

[Event "London Golders Green op U1900 4th"]
[Site "London"]
[Date "2014.08.24"]
[Round "3"]
[White "Ogah, Adah Simon"]
[Black "Bishop, Geoffrey L"]
[Result "0-1"]
[WhiteElo "1525"]
[BlackElo "1810"]
[PlyCount "76"]
[EventDate "2014.08.23"]
[EventType "swiss"]
[EventRounds "6"]
[EventCountry "ENG"]
[SourceTitle "EXT 2018"]
[Source "ChessBase"]
[SourceDate "2017.10.13"]
[SourceVersion "1"]
[SourceVersionDate "2017.10.13"]
[SourceQuality "1"]

1. e4 c5 2. c3 d5 3. e5 Nc6 4. d4 e6 5. Nf3 Bd7 6. Be2 Nge7 7. Bg5 Qb6 8. b3 Nf5 9. 0-0 cxd4 10. cxd4 Nfxd4 11. Be3 Nxf3+ 12. Bxf3 Qc7 13. Bf4 Nxe5 14. Bg3 Nxf3+ 15. Qxf3 Bd6 16. Nc3 Bxg3 17. hxg3 0-0 18. Kh2 Bc6 19. Qh5 f5 20. Rh1 Rf6 21. Qe2 Rh6+ 22. Kg1 Rxh1+ 23. Kxh1 e5 24. Rc1 Qd6 25. Kg1 Kf7 26. Qh5+ Kg8 27. Qxf5 Rf8 28. Qc2 d4 29. Ne4 Bxe4 30. Qxe4 d3 31. Rd1 d2 32. Qxb7 Qd4 33. Qe7 Qxf2+ 34. Kh2 Qe2 35. Qe6+ Kh8 36. Qe7 Qh5+ 37. Qh4 Qxd1 38. Qe7 Qh5+ 0-1

[Event "Gibraltar Challengers-B 10th"]
[Site "Caleta"]
[Date "2012.01.29"]
[Round "2"]
[White "Bishop, Geoffrey L"]
[Black "Hamer, Martyn"]
[Result "1-0"]
[WhiteElo "1811"]
[BlackElo "2010"]
[PlyCount "81"]
[EventDate "2012.01.28"]
[EventType "swiss"]
[EventRounds "5"]
[EventCountry "GGB"]
[SourceTitle "CBM 146 Extra"]
[Source "ChessBase"]
[SourceDate "2012.02.29"]
[SourceVersion "1"]
[SourceVersionDate "2012.02.29"]
[SourceQuality "1"]

1. e4 Nf6 2. e5 Nd5 3. d4 d6 4. Nf3 dxe5 5. Nxe5 c6 6. Be2 Nd7 7. Nxd7 Bxd7 8. 0-0 g6 9. c4 Nf6 10. Nc3 Bg7 11. Be3 0-0 12. Qd2 Be6 13. h3 Re8 14. Rac1 Qa5 15. b4 Qd8 16. Rfd1 a6 17. d5 cxd5 18. cxd5 Bd7 19. Bf3 Rc8 20. a4 Rf8 21. a5 Rc4 22. Bc5 Ne8 23. Ne4 Rxc1 24. Rxc1 Bc8 25. Bb6 Qd7 26. Bg4 f5 27. Nc5 Qd6 28. Bf3 e5 29. Nxa6 bxa6 30. Rxc8 Qd7 31. Rd8 Qa4 32. Bd1 Qa1 33. Kh2 Nf6 34. Rxf8+ Bxf8 35. d6 Nd7 36. Bb3+ Kg7 37. Qd5 Qc1 38. Qf7+ Kh6 39. g3 f4 40. gxf4 Bxd6 41. Be3 1-0